Catálogo
 En Linea

Pacto nacional para la reforma educativa en la República Dominicana (2014-2030). /. (Registro nro. 44975)

Detalles MARC
000 -CABECERA
campo de control de longitud fija 00608nam a2200169 a 4500
001 - NÚMERO DE CONTROL
campo de control 000045486
005 - FECHA Y HORA DE LA ÚLTIMA TRANSACCIÓN
campo de control 20201002052257.0
008 - DATOS DE LONGITUD FIJA--INFORMACIÓN GENERAL
campo de control de longitud fija 150409s2014 dr c 000 0 spa d
040 ## - FUENTE DE LA CATALOGACIÓN
Centro catalogador/agencia de origen DO-SdBNP
Lengua de catalogación spa
Centro/agencia transcriptor BNPHU
082 ## - NÚMERO DE LA CLASIFICACIÓN DECIMAL DEWEY
Número de clasificación xxxx
Número de documento/Ítem xxxx
111 2# - ENTRADA PRINCIPAL--NOMBRE DE CONGRESO/REUNIÓN
Nombre de congreso/reunión o jurisdicción como elemento de entrada Palacio Nacional
Sede del congreso/Lugar de la reunión (Santo Domingo, República Dominicana
Fecha del congreso/reunión 2014-2030, abr 1:)
9 (RLIN) 73537
245 10 - MENCIÓN DE TÍTULO
Título Pacto nacional para la reforma educativa en la República Dominicana (2014-2030). /.
260 ## - PUBLICACIÓN, DISTRIBUCIÓN, ETC.
Lugar de publicación, distribución, etc. Santo Domingo; :
Nombre del editor, distribuidor, etc. Consejo Económico y Social,
Fecha de publicación, distribución, etc. 2014.
300 ## - DESCRIPCIÓN FÍSICA
Extensión 51 p. :
Otras características físicas retrato. ;
Dimensiones 22 cm.
490 0# - MENCIÓN DE SERIE
Mención de serie Pacto educativo
830 #0 - PUNTO DE ACCESO ADICIONAL DE SERIE-TÍTULO UNIFORME
Título uniforme Pacto educativo
9 (RLIN) 73538
Existencias
Estado de retiro Estado de pérdida Restricciones de uso No para préstamo Código de colección Localización permanente Ubicación/localización actual Ubicación en estantería Fecha de adquisición Número de inventario Total de préstamos Signatura topográfica completa Código de barras Fecha visto por última vez Número de copia Precio válido a partir de Tipo de ítem Koha
        Dominicana de Servicio General General Depósito 09.04.2015 LF1   xxxx xxxx 45486-30 25.06.2020 e. 3 25.06.2020 Libro y Folleto Colección Dominicana de Servicio
        Dominicana de Servicio General General Depósito 10.04.2015 LF1   xxxx xxxx 45486-40 25.06.2020 e. 4 25.06.2020 Libro y Folleto Colección Dominicana de Servicio
        Dominicana de Servicio General General Depósito 10.04.2015 LF1   xxxx xxxx 45486-50 25.06.2020 e. 5 25.06.2020 Libro y Folleto Colección Dominicana de Servicio
      Excluido de préstamo Patrimonio Dominicano Patrimonio Dominicano Patrimonio Dominicano Depósito 09.04.2015 LF1   xxxx xxxx 45486-10 25.06.2020   25.06.2020 Libro y Folleto Colección Patrimonio Dominicano
      Excluido de préstamo Patrimonio Dominicano Patrimonio Dominicano Patrimonio Dominicano Depósito 09.04.2015 LF1   xxxx xxxx 45486-20 25.06.2020 e. 2 25.06.2020 Libro y Folleto Colección Patrimonio Dominicano

Con tecnología Koha